000 00289cam a22001097a 4500
008 180718b xxu||||| |||| 00| 0 eng d
082 _aL6x54 P884
245 _aConspicuous waste
260 _aDelhi
_bPraja Socialist Publication
_c
300 _a17p.
650 _aExpenditures, Government - India
999 _c502224
_d502224